| 000 | 01067nam a22003137a 4500 | ||
|---|---|---|---|
| 003 | EG-ScBUE | ||
| 005 | 20220623121350.0 | ||
| 008 | 110602s2006 enka f 000 0 eng d | ||
| 020 | _a1405833491 | ||
| 020 | _a9781405833493 | ||
| 040 |
_aEG-ScBUE _beng _erda _cEG-ScBUE _dEG-ScBUE |
||
| 082 | 0 | 4 |
_222 _a428.6 _bWEL |
| 100 | 1 |
_919410 _aWells, H. G. _q(Herbert George), _d1866-1946, _eauthor. |
|
| 245 | 1 | 4 |
_aThe time machine / _cH. G. Wells ; retold by David Maule. |
| 264 | 1 |
_aHarlow, England : _bPearson Education Limited, _c2006. |
|
| 300 |
_aix, 76 pages : _billustrations ; _c20 cm. |
||
| 336 |
_2rdacontent _atext _btxt |
||
| 337 |
_2rdamedia _aunmediated _bn |
||
| 338 |
_2rdacarrier _avolume _bnc |
||
| 490 | 0 |
_aPenguin readers ; _vlevel 4 |
|
| 521 | _aB1: Intermediate | ||
| 650 | 7 |
_921818 _aEnglish language _vTextbooks for foreign speakers. _2BUEsh |
|
| 650 | 7 |
_aReaders for new literates. _2BUEsh |
|
| 651 | _2BUEsh | ||
| 653 |
_cJune2011 _bHHUUEENN |
||
| 655 |
_vReading book _934232 |
||
| 700 | 1 |
_98327 _aMaule, David, _econtributor. |
|
| 942 |
_2ddc _cBB |
||
| 999 |
_c15516 _d15516 |
||